000 00230nam a2200097Ia 4500
001 1207735
005 20250827022832.0
008 250824s9999 xx 000 0 und d
245 0 _aKUYTU
_cMURAT TAVLI
260 _bDESTEK YAYINLARI
999 _c1207735
_d1207735